000 01139nam a2200301 i 4500
001 12865
003 KOSZ 005
005 20200820114017.0
008 080820s1964 pl a f 000 0 pol
015 _aPB 1964/3339
040 _aWA N
_cWA N
_dKOSZ 005/RW
_dKOSZ 005/HR
080 _a535
100 1 _aHanc, Tadeusz.
_eAutor
245 1 0 _aPomiary optyczne /
_cTadeusz Hanc.
250 _aWyd. 2 całkowicie zm. i uzup.
260 _aWarszawa :
_bWydawnictwa Naukowo-Techniczne,
_c1964.
300 _a393, [2] s. :
_bil., err. ;
_c25 cm.
380 _aKsiążki.
504 _aBibliogr. s. [395].
521 8 _aDla personelu technicznego, rzeczoznawców, użytkowników sprzętu optycznego oraz dla studentów wyższych uczelni technicznych, uniwersytetów i technicznych szkół optycznych.
658 _aInżynieria i technika
650 4 _aPomiary
650 4 _aOptyka
650 4 _aUrządzenia optyczne
710 2 _aWydawnictwa Naukowo-Techniczne
_4pbl.
856 _uhttp://koha.tu.koszalin.pl/cgi-bin/koha/opac-detail.pl?biblionumber=12865
_yKatalog online BPK
942 _2UKD
_cKS
999 _c12865
_d12865